Lesser Known Music Artists - Statistics

General Stats
  • This quiz has been taken 268 times
  • The average score is 6 of 20
Answer Stats
Hint Song Artist % Correct
Alt-rock artist who released one album, Grace Hallelujah Jeff Buckley
73%
Early progressive rock band founded by Robert Fripp 21st Century Schizoid Man King Crimson
64%
Trip-hop innovating band featuring Beth Gibbons Glory Box Portishead
49%
Folk singer-songwriter who became famous posthumously Pink Moon Nick Drake
45%
Hip-hop house band in Jimmy Fallon's late night show The Seed (2.0) The Roots
40%
Civil rights activist jazz singer known for Pastel Blues Feeling Good Nina Simone
38%
Midwest emo band that shares the name of a sport Never Meant American Football
37%
"God of Flow" part of a duo with Eric B. Paid In Full Rakim
37%
Famous for her 1999 album, When the Pawn... Paper Bag Fiona Apple
34%
Singer songwriter who is the father of the above Song to the Siren Tim Buckley
30%
Quintessential post-rock band known for Spiderland Good Morning, Captain Slint
26%
"King of Rockabilly" Blue Suede Shoes Carl Perkins
25%
Welsh musician, co-founder of The Velvet Underground Paris 1919 John Cale
25%
Experimental hip-hop artist who collaborated with Danny Brown Hazard Duty Pay! JPEGMAFIA
24%
Experimental rock band debuting in 2018 with Schlagenheim Welcome to Hell Black Midi
20%
East coast hip-hop duo comprised of Prodigy and Havoc Survival of the Fittest Mobb Deep
19%
Diverse experimental rock band founded by Michael Gira Blind Swans
19%
80s pop act known for their album Steve McQueen King of Rock 'n' Roll Prefab Sprout
18%
Post-punk band credited with influencing Nirvana, Pixies, etc. Damaged Goods Gang of Four
16%
Indie country solo project by Jason Molina Farewell Transmission Songs: Ohia
12%
No matching quizzes found
Score Distribution
Percent of People with Each Score
Percentile by Number Answered
Your Score History
You have not taken this quiz